Změny účetního řešení přeměn obchodních společností a družstev od začátku roku 2012

Zmena obchodného práva v Českej republike v roku 2012, ku ktorej došlo novelou zákona 125/2008 Sb., o premenách obchodných spoločností a družstiev. Účtovníctvo obchodných spoločností podľa ustanovenia zákona o účtovníctve, osobitne zákona 563/1991 Sb., v platnom znení a vyhláška 500/2002 Sb., ktorou...

Ausführliche Beschreibung

Gespeichert in:
Bibliographische Detailangaben
1. Verfasser: Vomáčková, Hana
Format: Buchkapitel
Sprache:Tschechisch
Schlagworte:
Tags: Tag hinzufügen
Keine Tags, Fügen Sie das erste Tag hinzu!

MARC

LEADER 00000naa a2200000 4500
001 0167631
005 20230925093625.7
041 0 |a cze 
044 |a CZ 
245 1 0 |a Změny účetního řešení přeměn obchodních společností a družstev od začátku roku 2012  |c Hana Vomáčková 
520 |a Zmena obchodného práva v Českej republike v roku 2012, ku ktorej došlo novelou zákona 125/2008 Sb., o premenách obchodných spoločností a družstiev. Účtovníctvo obchodných spoločností podľa ustanovenia zákona o účtovníctve, osobitne zákona 563/1991 Sb., v platnom znení a vyhláška 500/2002 Sb., ktorou sa prevádzajú niektoré ustanovenia v účtovníctve. 
610 2 0 |a Česko 
610 2 0 |a systémy účtovné 
610 2 0 |a metódy účtovné 
610 2 0 |a účtovníctvo obchodné 
610 2 0 |a zákony 
610 2 0 |a spoločnosti obchodné 
610 2 0 |a družstvá 
100 1 |a Vomáčková, Hana